Versi celebri della letteratura italiana - parte 3 - Statistics

Statistiche generali
  • Questo quiz è stato fatto 851 volte
  • Il punteggio medio è 7 su 10
Statistiche sulle risposte
Verso Autore % Corretto
Tanto gentile e tanto onesta pare la donna mia, quand’ella altrui saluta. Dante Alighieri
95%
Malpelo si chiamava così perché aveva i capelli rossi; ed aveva i capelli rossi perché era un ragazzo malizioso e cattivo, che prometteva di riescire un fior di birbone. Giovanni Verga
94%
Considerate se questo è un uomo
che lavora nel fango
che non conosce pace
che lotta per mezzo pane
che muore per un sì o per un no.
Primo Levi
90%
Erano i capei d’oro a l’aura sparsi
che ‘n mille dolci nodi gli avolgea,
a ‘l vago lume oltra misura ardea
di quei begli occhi ch’or ne son sì scarsi.
Francesco Petrarca
85%
Chichibio quasi sbigottito, non sappiendo egli stesso donde si venisse, rispose: «Messer sì, ma voi non gridaste “ho, ho!” a quella d’iersera; ché se così gridato aveste, ella avrebbe così l’altra coscia e l’altro piè fuor mandata, come hanno fatto queste». Giovanni Boccaccio
79%
La c'è la Provvidenza! Alessandro Manzoni
78%
S’i’ fosse foco, arderei ’l mondo; s’i’ fosse vento, lo tempesterei; s’i’ fosse acqua, i’ l’annegherei; s’i’ fosse Dio, mandereil’en profondo. Cecco Angiolieri
74%
O cavallina, cavallina storna, che portavi colui che non ritorna. Giovanni Pascoli
67%
Sono nata il 21 a primavera
ma non sapevo che nascere folle., aprire le zolle
potesse scatenar tempesta.
Alda Merini
40%
Verrà la morte e avrà i tuoi occhi- questa morte che ci accompagna dal mattino alla sera, insonne, sorda, come un vecchio rimorso o un vizio assurdo... Cesare Pavese
36%
Nessun quiz corrispondente trovato
Distribuzione punteggi
Percentuale di utenti per punteggio
Percentile per numero di risposta
I tuoi punteggi nel tempo
Non hai fatto questo quiz